| 000 | 00000nam##2200000za#4500 |
| 001 | 9.570682 |
| 003 | CaOODSP |
| 005 | 20210624182347 |
| 007 | cr ||||||||||| |
| 008 | 150406|2006||||xxc|||||o f|0| 0 eng|d |
| 022 | |a1919-5087 |
| 040 | |aCaOODSP|beng |
| 043 | |an-cn--- |
| 086 | 1 |aFs70-6/2006-023E-PDF |
| 110 | 1 |aCanada. |bDepartment of Fisheries and Oceans. |
| 245 | 12|aA harvest strategy compliant with the precautionary approach |h[electronic resource] |
| 260 | |aOttawa - Ontario : |bFisheries and Oceans Canada |cMay 2006. |
| 300 | |a7p.|bcoloured map, graph, references |
| 490 | 1 |aCanadian Science Advisory Secretariat science advisory report |x1919-5087|v2006/023, National Capital Region |
| 590 | |a11-15-Supp|b2011-08-22 |
| 775 | 08|tStratégie de pêche en conformité avec l'approche de précaution |w(CaOODSP)9.601330 |
| 830 | #0|aScience advisory report (Canadian Science Advisory Secretariat)|x1919-5087|v2006/023, National Capital Region|w(CaOODSP)9.506226 |
| 856 | 40|ahttp://publications.gc.ca|qPDF|s104 KB|uhttps://publications.gc.ca/collections/collection_2011/mpo-dfo/Fs70-6-2006-023-eng.pdf|y2006/023, National Capital Region |